Košickí filharmonici na festivale v Turecku

Bibliographic Details
Corporate Authors: Tlačová agentúra Slovenskej republiky (Author), Štátna filharmónia Košice (Author)
Format: Article
Language:Slovak
Subjects:

MARC

LEADER 00000nab a2200000 a 4500
001 vtls000923523
003 SK-MaSNL
005 20260305003916.0
008 040720e19980425xo 0 slo
035 |a KE32400 
040 |a KEVKJB  |b slo  |c KEVKJB  |e AACR2 
041 0 |a slo 
044 |a xo  |c SK 
080 |a 78.071  |2 1981 
110 2 |a Tlačová agentúra Slovenskej republiky  |4 aut  |9 177619 
245 0 0 |a Košickí filharmonici na festivale v Turecku 
610 2 7 |a Štátna filharmónia Košice  |2 KEVKJB  |9 56989 
650 0 7 |a hosťovanie  |2 KEVKJB  |9 347282 
650 0 7 |a informácie  |2 KEVKJB  |9 1285 
651 7 |a Košice (Slovensko)  |2 KEVKJB  |9 18694 
651 7 |a Turecko  |2 KEVKJB  |9 16927 
651 7 |a KE,  |2 KEVKJB  |9 877256 
655 7 |a periodikum  |2 snkbucl  |9 29553 
710 2 |a Štátna filharmónia Košice  |4 aut  |9 56989 
773 0 8 |t Sme  |g Roč. 6, č.95, 25.4.1998 
773 0 8 |i Príl.:  |t Sme na východe.- Roč. 3, č. 62 (1998), s. 3 
852 |a ZVYKNI  |b KIS3GCP 
999 |c 3233078  |d 3235008